ბათუმის შოთა რუსთაველის სახელმწიფო უნივერსიტეტის ბიბლიოთეკა

Georgia within the European integration : (ბიბ.ჩანაწერი № 60694)

000 -LEADER
fixed length control field 01143nam a22002177a 4500
005 - DATE AND TIME OF LATEST TRANSACTION
control field 20231009171425.0
008 - FIXED-LENGTH DATA ELEMENTS--GENERAL INFORMATION
fixed length control field 231009s2012 ge ||||| |||| 00| 0 eng d
020 ## - INTERNATIONAL STANDARD BOOK NUMBER
International Standard Book Number 9789941104961
041 ## - LANGUAGE CODE
Language code of text/sound track or separate title eng
080 ## - UNIVERSAL DECIMAL CLASSIFICATION NUMBER
Universal Decimal Classification number 94(479.22:38) D-90
100 ## - MAIN ENTRY--PERSONAL NAME
Personal name Dundua, Tedo
9 (RLIN) 17376
245 ## - TITLE STATEMENT
Title Georgia within the European integration :
Remainder of title P. 1, Greeks and the Georgians /
Statement of responsibility, etc. Tedo Dundua ; Ivane Javakhishvili Tbilisi State Univ., faculty of humanities, Inst. of Georgian History.
264 ## - PRODUCTION, PUBLICATION, DISTRIBUTION, MANUFACTURE, AND COPYRIGHT NOTICE
Place of production, publication, distribution, manufacture Tbilisi :
Name of producer, publisher, distributor, manufacturer Meridian publ.,
Date of production, publication, distribution, manufacture, or copyright notice 2012.
300 ## - PHYSICAL DESCRIPTION
Extent 49 p. :
Other physical details ill.;
Dimensions 21 cm.
653 ## - INDEX TERM--UNCONTROLLED
keyword საქართველო-ევროპის ურთიერთობების ისტორია
653 ## - INDEX TERM--UNCONTROLLED
keyword საქართველოს ნუმიზმატიკა
653 ## - INDEX TERM--UNCONTROLLED
keyword საქართველო-ძველი საბერძნეთის ურთიერთობათა ისტორია
700 ## - ADDED ENTRY--PERSONAL NAME
Personal name Boshishvili, Alexander
Relator term რედაქტორი
9 (RLIN) 19775
710 ## - ADDED ENTRY--CORPORATE NAME
Corporate name or jurisdiction name as entry element Ivane Javakhishvili Tbilisi State University.
Date of meeting or treaty signing Faculty of humanities. Institute of Georgian History
9 (RLIN) 19924
942 ## - ADDED ENTRY ELEMENTS (KOHA)
Source of classification or shelving scheme
Koha item type წიგნი
ეგზემპლარები
Withdrawn status Lost status Source of classification or shelving scheme Damaged status Not for loan Permanent Location Current Location Shelving location Date acquired Cost, normal purchase price Full call number Barcode Date last seen Copy number Uniform Resource Identifier Price effective from Koha item type Public note
          ბათუმის შოთა რუსთაველის სახელმწიფო უნივერსიტეტის მთავარი ბიბლიოთეკა ბათუმის შოთა რუსთაველის სახელმწიფო უნივერსიტეტის მთავარი ბიბლიოთეკა წიგნსაცავი 2023-10-09 5.00 94(479.22:38) D-90 65295 2023-10-09 65295 ბსუ-ს საპატიო დოქტორის გურამ ლორთქიფანიძის საჩუქარი 2023-10-09 წიგნი 5 ლ.